Chanson à trous : La Petite Sirène - Sous l’océan - Statistiques

Statistiques générales
  • Ce quiz a été pris 45 fois
  • Le résultat moyen est 16 sur 25
Statistiques - réponses
Couplets Sous l’océan – La Petite Sirène % Correct
7 Sous l'océan, sous l'océan Doudou c'est bien mieux Tout le monde est {heureux} Sous l'océan
93%
4 Toi t'aimerais bien vivre sur terre Bonjour la {calamité}
93%
2 La vie sous la mer C'est {bien} {mieux} que la vie qu'ils ont sur la terre
85%
3 Le roseau est toujours plus vert Dans le {marais} d'à-côte
85%
11 Là-haut ils s'écaillent et ils flippent À tourner dans {leur} {bocal}
83%
9 Pendant qu'on plonge Comme des {éponges} Sous l'océan
83%
1 Ariel, écoute-moi Le monde humain, c'est la {pagaille}
80%
23 Nous le jazz band et les {copains} On a les clim-clams pour faire une jim-jam Sous l'océan
80%
12 Le bocal, faut dire, c'est l'extase Chez leurs {copains} cannibales
80%
5 Regarde bien le monde qui t'entoure Dans l'océan {parfumé}
80%
8 Là-haut ils bossent toute la journée Esclavagés, {prisonniers}
78%
6 On fait {carnaval} tous les jours Mieux tu ne pourras pas trouver
78%
13 Si monsieur poisson n'est pas sage Il finira dans {la} {poêle} Oh non
78%
14 Sous l'océan, sous l'océan Y a pas de courts-bouillons Pas de {soupes} de poisson Pas de marmitons
75%
16 On déambule, on fait {des} {bulles} Sous l'océan
73%
15 Pour la tambouille, on leur dit non Sous l'océan, y pas {d}'{hameçons}
65%
18 Tu vois l'esturgeon et la raie Se sont lancés dans le {reggae} On a le rythme, c'est de la dynamite Sous l'océan
63%
21 Les soles rock'n'roll Le {thon} garde le ton Le bar et le sprat se marrent et s'eclatent Vas-y souffle mon doudou Sous l'océan
53%
25 C'est frénétique, c'est {fantastique} On est en transe, faut que balance Sous l'océan
50%
10 Chez nous les poissons se fendent la frites Les {vagues} sont un vrai régal
50%
19 Riton au flûton La carpe joue de la harpe La rascasse de la basse, c'est les rois {du} {rap} L'maquereau au saxo'
30%
20 L'turbo au bongo Le lieu est le dieu de la soul La raie au djembé Le gardon au {violon}
25%
22 Quand la {sardine} begin the beguine Ça balance, ça swingue Ils ont du sable, c'est certain
25%
17 La vie est {super} Mieux que sur la terre, je te le dis Oui, je te le dis,
18%
24 Les limaces des mers, au rythme d'enfer Sous l'océan Et les {bigorneaux} pour donner l'tempo
18%
Aucun quiz correspondant
Distribution des résultats
% des personnes avec chaque résultat
Percentile par nombre de réponses
Votre historique - résultats
Vous n’avez pas pris ce quiz